000 00709cam a2200193 i 4500
005 20251130095846.0
008 250721s2003 jo gr 000 0 ara d
082 1 4 _a213
_bش م ا
100 1 _aالشمالي، ياسر
_eمعد.
245 1 2 _aالواضح في مناهج المحدثين /
_cإعداد الدكتور ياسر الشمالي.
250 _aالطبعة الثانية، مزيدة ومنقحة.
264 3 1 _aعمان :
_bدار الحامد للنشر و التوزيع،
_c2003.
300 _a327 صفحة.
650 1 7 _aالحديث الشريف.
650 1 7 _aتدوين الحديث.
650 1 7 _aعلوم الحديث.
942 _2ddc
_cBK
999 _c63181
_d63181